A TB OF PATHOLOGY (Record no. 701)

MARC details
000 -LEADER
fixed length control field 00314nam a2200145Ia 4500
003 - CONTROL NUMBER IDENTIFIER
control field SGT
082 ## - DEWEY DECIMAL CLASSIFICATION NUMBER
Classification number 616.07
Item number P010S
100 ## - MAIN ENTRY--PERSONAL NAME
Personal name SANT,MRINALINI
245 #2 - TITLE STATEMENT
Title A TB OF PATHOLOGY
250 ## - EDITION STATEMENT
Edition statement 1ST
260 ## - PUBLICATION, DISTRIBUTION, ETC. (IMPRINT)
Name of publisher, distributor, etc NEW CENTRAL BOOK AGENCY
Place of publication, distribution, etc DELHI
Year of Publication 2010
650 ## - SUBJECT ADDED ENTRY--TOPICAL TERM
Topical term or geographic name as entry element PATHOLOGY
942 ## - ADDED ENTRY ELEMENTS (KOHA)
Source of classification or shelving scheme Dewey Decimal Classification
Koha item type Books
Holdings
Withdrawn status Lost status Source of classification or shelving scheme Damaged status Not for loan Collection code Home library Current library Shelving location Date acquired Vendor Name Cost, normal purchase price SGTU Bill Number Total Checkouts Full call number Accession No. (Barcode) Checked out Date last seen Date last borrowed Bill Date Koha item type
  Long Overdue (Lost) Dewey Decimal Classification     MEDICAL SGT Medical Library SGT Medical Library Text Book 26/02/2010 U.B.S. DELHI 485.00 SGTU 993 10 616.07 P010S FM3147 15/04/2023 01/04/2023 01/04/2023 26/02/2010 Books
    Dewey Decimal Classification     MEDICAL SGT Medical Library SGT Medical Library Text Book 26/02/2010 U.B.S. DELHI 485.00 SGTU 993   616.07 P010S FM3148   09/02/2015   26/02/2010 Books